000 01427nam0a2200325 i 4500
001 RU\NLR\bibl\2028122
005 20260419063933.0
010 _a9785991020039
010 _a978-5-9910-2269-9
021 _aRU
_b2013-27429
_91892
035 _a(NLR Aleph) 002016060
090 _a4481955
_c4481955
100 _a20130425d2013 u y0rusy50 ca
101 1 _arus
_cfre
102 _aRU
_aUA
105 _aa |||||||||
200 1 _aМегрэ и старая дама
_aВ подвалах отеля "Мажестик"
_a"А Фелисити-то здесь!"
_e[романы]
_aУлица Пигаль
_e[повесть]
_fЖорж Сименон
_g[пер. с фр. Э. Болдиной и др.
_gхудож.: Андрей Печенежский]
210 _aБелгород
_aХарьков
_cКлуб семейного досуга
_d2013
215 _a380, [2] с.
_cил.
_d21
225 1 _aФранцузский детектив
225 1 _aКомиссар Мегрэ
333 _a16+
686 _aШ6(4Фр)67-446{Лх1649-60}
700 1 _4070
_7ca
_8rus
_aСименон
_bЖ.
_f1903-1989
_gЖорж
_9117276
_3RU\NLR\auth\777340
702 1 _4040
_7ca
_8rus
_aПеченежский
_bА. Н.
_cхудожник, писатель
_f1955-
_gАндрей Николаевич
_977824
_3RU\NLR\auth\7794898
801 0 _aRU
_bNLR
_c20130425
_gRCR
801 1 _aRU
_bNLR
_c20130425
942 _cBOOK
980 _aNBR